| 000 | 00871nab a2200241 4500 | ||
|---|---|---|---|
| 003 | BR-BrBNA | ||
| 005 | 20240815085416.0 | ||
| 008 | 240731b bl.||||| |||| 00| 0 por d | ||
| 040 |
_aBR-BrBNA _bpor |
||
| 072 |
_aL01 ; E21 ; Q02 _b5212 ; 9410 ; 9400 |
||
| 110 | _aTerranova Gráfica e Editora Jornalística Ltda., Palmas, TO (Brasil) | ||
| 245 |
_aDa soja ao leite _bPecuária Leiteira |
||
| 500 | _a1 illus. | ||
| 650 | _aPECUÁRIA LEITEIRA | ||
| 650 | _aLEITE | ||
| 650 | _aPRODUTO DERIVADO DO LEITE | ||
| 650 | _aPROCESSAMENTO | ||
| 650 | _aAGROINDÚSTRIA | ||
| 650 | _aOESTE DA BAHIA | ||
| 773 | 0 |
_04604 _9317185 _dPalmas - Tocantins Terranova Gráfica e Editora Jornalística Ltda 2005 _o2024-3809 _tCerrado Rural Agronegócios (Brazil) _x1980-2595 _gv. 3(14) p. 24; (Feb 2006) _wBR2024002371 |
|
| 942 | _cAnalítica | ||
| 999 |
_c300702 _d300702 |
||